<?xml version="1.0" encoding="UTF-8"?><?xml-stylesheet type="text/xsl" href="static/style.xsl"?><OAI-PMH xmlns="http://www.openarchives.org/OAI/2.0/" xmlns:xsi="http://www.w3.org/2001/XMLSchema-instance" xsi:schemaLocation="http://www.openarchives.org/OAI/2.0/ http://www.openarchives.org/OAI/2.0/OAI-PMH.xsd"><responseDate>2026-04-26T21:57:12Z</responseDate><request verb="GetRecord" identifier="oai:uvadoc.uva.es:10324/9503" metadataPrefix="marc">https://uvadoc.uva.es/oai/request</request><GetRecord><record><header><identifier>oai:uvadoc.uva.es:10324/9503</identifier><datestamp>2021-06-30T07:04:04Z</datestamp><setSpec>com_10324_5194</setSpec><setSpec>com_10324_5186</setSpec><setSpec>com_10324_29291</setSpec><setSpec>col_10324_6356</setSpec></header><metadata><record xmlns="http://www.loc.gov/MARC21/slim" xmlns:doc="http://www.lyncode.com/xoai" xmlns:xsi="http://www.w3.org/2001/XMLSchema-instance" xmlns:dcterms="http://purl.org/dc/terms/" xsi:schemaLocation="http://www.loc.gov/MARC21/slim http://www.loc.gov/standards/marcxml/schema/MARC21slim.xsd">
<leader>00925njm 22002777a 4500</leader>
<datafield tag="042" ind1=" " ind2=" ">
<subfield code="a">dc</subfield>
</datafield>
<datafield tag="720" ind1=" " ind2=" ">
<subfield code="a">Fernández Lávaque, Ana María</subfield>
<subfield code="e">author</subfield>
</datafield>
<datafield tag="260" ind1=" " ind2=" ">
<subfield code="c">2005</subfield>
</datafield>
<datafield tag="024" ind2=" " ind1="8">
<subfield code="a">Anuario de lingüística hispánica, 2005, N.21, pags.263-264</subfield>
</datafield>
<datafield tag="024" ind2=" " ind1="8">
<subfield code="a">0213-053X</subfield>
</datafield>
<datafield tag="024" ind2=" " ind1="8">
<subfield code="a">http://uvadoc.uva.es/handle/10324/9503</subfield>
</datafield>
<datafield tag="024" ind2=" " ind1="8">
<subfield code="a">263</subfield>
</datafield>
<datafield tag="024" ind2=" " ind1="8">
<subfield code="a">21</subfield>
</datafield>
<datafield tag="024" ind2=" " ind1="8">
<subfield code="a">264</subfield>
</datafield>
<datafield tag="024" ind2=" " ind1="8">
<subfield code="a">Anuario de lingüística hispánica</subfield>
</datafield>
<datafield ind1=" " ind2=" " tag="653">
<subfield code="a">Filología hispánica</subfield>
</datafield>
<datafield tag="245" ind1="0" ind2="0">
<subfield code="a">María Fanny Osán de Pérez Sáez y Vicente J. Pérez Sáez, Diccionario de americanismos en Salta y Jujuy (República argentina)</subfield>
</datafield>
</record></metadata></record></GetRecord></OAI-PMH>